000 01771nam a2200337 c 4500
001 46392
003 ES-MaCES
005 20180131142522.0
007 cr |||||||||||
008 150914s2015 be r i000 ||eng d
020 _a978849221298939
020 _a978849221298946 (web pdf)
040 _aES-MaCES
_bspa
_cES-MaCES
245 1 4 _aThe role of economic and social Councils and similar institutions in promoting social protection floors for all through social dialogue
_hRecurso electrónico
_b: report of the ILO-AICESIS International Conference [on “The Role of Economic and Social Councils and Similar Institutions (ESC-SIs) and Social Dialogue in the Implementation of Social Protection Floors for All”], on 20-21 November, 2014 in Seoul, Korea
_cInternational Labour Office, Social Protection Department, Governance and Tripartism Department
260 _aGeneva
_bILO
_c2015
300 _a1 documento pdf
_c(1,31 mb)
541 _cGratuito
650 4 _aConsejos Económicos y Sociales
_930859
650 4 _aprotección social
_929076
650 4 _aseguridad social
_927034
650 4 _aRecomendación de la OIT
_929034
650 4 _aconferencia
_927013
653 1 0 _aSeguridad Social
650 4 _929234
_adesarrollo económico y social
650 4 _930664
_aconcertación social
710 2 _94718
_aOrganización Internacional del Trabajo
711 _936012
_aILO-AICESIS International Conference on “The Role of Economic and Social Councils and Similar Institutions (ESC-SIs) and Social Dialogue in the Implementation of Social Protection Floors for All”
_d2014
_cSeoul, Korea
856 4 _uhttp://biblioteca.ces.es/repintra/B46392.pdf
_ytexto completo
_z[intranet]
902 _aELE PUB. ELECTRONICA
942 _2CES
_cBK
_h6.3.
999 _c46392
_d46392